|
|
|
|
| LEADER |
00000naa2a2200000 4500 |
| 001 |
186024 |
| 005 |
20231031173411.0 |
| 035 |
|
|
|a (RuTPU)RU\TPU\book\201845
|
| 090 |
|
|
|a 186024
|
| 100 |
|
|
|a 20101021d2008 k y0rusy50 ca
|
| 101 |
0 |
|
|a rus
|
| 102 |
|
|
|a RU
|
| 200 |
1 |
|
|a Социальные аспекты сохранения исторической деревянной застройки г. Томска (к постановке проблемы)
|f Н. О. Кирсанов
|
| 463 |
|
0 |
|0 (RuTPU)RU\TPU\book\194420
|t Актуальные проблемы гуманитарных наук
|o сборник научных трудов
|f Томский политехнический университет (ТПУ)
|v С. 277-279
|d 2008
|p 562 с.
|
| 610 |
1 |
|
|a деревянная архитектура
|
| 610 |
1 |
|
|a Томск
|
| 610 |
1 |
|
|a социологические исследования
|
| 610 |
1 |
|
|a деревянные дома
|
| 610 |
1 |
|
|a жители
|
| 610 |
1 |
|
|a труды учёных ТПУ
|
| 700 |
|
1 |
|a Кирсанов
|b Н. О.
|c российский учёный в области культурологии и социальной коммуникации
|c доцент Томского политехнического университета
|g Никита Олегович
|2 stltpush
|3 (RuTPU)RU\TPU\pers\26996
|
| 801 |
|
1 |
|a RU
|b 63413507
|c 20101021
|
| 942 |
|
|
|c BK
|